00334 a2200145 450000100060000002000150000604000240002110000280004524000300007324500250010330000070012836200090013544000130014465000310015744763 a8574090433 cAnchieta - Aquarius aMelo Junior, Maurício10aA revolta do cascudolpor10aA revolta do cascudo a360 a1998 1aBagaço 4aLiteratura infanto-juvenil